| 000 | 00706nam a2200193 i 4500 | ||
|---|---|---|---|
| 001 | 166762 | ||
| 003 | ES-MaACL | ||
| 005 | 20250809035515.0 | ||
| 008 | 030617s1891 sp |||| | spa d | ||
| 040 |
_aCCPB | B _bspa _cCCPB | B |
||
| 100 | 1 |
_aUgarte y Pagés, Javier. _9111900 |
|
| 245 | 1 | 0 |
_aCartilla de las leyes penales del ejército arreglada al Código de Justicia Militar de 27 de septiembre de 1890 / _cpor Javier Ugarte. |
| 250 | _a3ª ed. | ||
| 260 |
_aMadrid : _btipografía de Manuel G. Hernández, _c1891. |
||
| 300 |
_a80 p. ; _c19 cm. |
||
| 650 | 7 |
_aDerecho penal militar _2embne _9135896 |
|
| 852 |
_aES-MaACL _jG-10495 _z-- Enc. tela _z-- Legado Calderón |
||
| 999 |
_c166762 _d166762 |
||